Statistics for Movies by Spoiler

Click here to take the quiz!

General Stats

  • This quiz has been taken 26,861 times
    (7,497 since last reset)
  • The average score is 11 of 20

Answer Stats

Spoiler Movie % Correct
Darth Vader is Luke's fatherThe Empire Strikes Back
98%
Thanos kills half the universeAvengers: Infinity War
78%
The kid's therapist is a ghostThe Sixth Sense
74%
299 die300
72%
The planet was Earth all alongThe Planet of the Apes
71%
The detective's wife's head
is in the box
Se7en
64%
They drive into the Grand CanyonThelma & Louise
62%
Tyler Durden isn't realFight Club
62%
The killer's mother is part of
his split personality
Psycho
59%
He's just a normal man
behind the curtain
The Wizard of Oz
59%
The killer was actually
Jason's mother
Friday the 13th
56%
Verbal is Keyser SozeThe Usual Suspects
51%
The groom is on the roof of the hotelThe Hangover
49%
Rosebud was the name of his sledCitizen Kane
47%
The alien invaders are killed
by Earth's microbes
The War of the Worlds
43%
The green wafers are made of peopleSoylent Green
41%
He loses in a split decisionRocky
40%
The village is in a modern
game reserve
The Village
38%
They are actually clones
bred for replacement organs
The Island
26%
She was her sister AND her daughterChinatown
13%

Score Distribution

Percentile by Number Answered

Percent of People with Each Score

Your Score History

You have not taken this quiz since the last reset